000 01013nam a2200229Ia 4500
001 8885
003 GE_BSU
008 181216s||||||||xx |||||||||||||| ||und||
020 _a9789941005640
040 _cGE_BSU
080 _a061.235(479.22)+821.353.1-94
245 _aსაზოგადოება "თბილისელი
245 _bეძღვნება საზ–ბა "თბილისელის" საქმიანობას, მის დამაარსებელს და პირველ პრეზიდენტს დავით ციციშვილს
245 _cშემდგ. ნინო კიჭურაძე,ლია მელიქიშვილი.რედ. როინ მეტრეველი
260 _aთბილისი
260 _b[გ.გ]
260 _c2009
300 _a108გვ.ილ.29სმ.
541 _h12ლ.
653 _aსაზოგადოება "თბილისელი
942 _cBK
999 _c42192
_d42192